00761nam a22002057a 4500999001900000005001700019010001500036020002700051035001400078037001300092082001100105100001900116245004800135260004000183270010900223300002500332500005000357942002500407952012300432 c166343d16634320190722123603.0 aENG-126023 a9788178441986c1495.00 aEN-109555 bDBAD/PUB a301.32 aGajanafar Alam aPopulation and society /cby Gajanafar Alam aNew DelhibR.K. Pulblicationsc2018 a4806/24, Bharat Ram Road, Darya GanjbNew Delhie110002k011-23285167, 65185557minfo@kkpublications.com aviii,288p.c25cm(Hb) aIncludes bibliographical references and index 2ddccENh301.32mGAJ 001040708NFICaAGbAGd2019-07-22eDBAD/PUBg1495.00l0o301.32 GAJpEN-109555r2019-07-22 00:00:00t1v1495.00yEN